Countries in The United Kingdom - Statistics

General Stats
  • This quiz has been taken 56 times
  • The average score is 47 of 48
Answer Stats
Hint Answer % Correct
H Haiti/ Honduras/ Hungary
100%
H Haiti/ Honduras/ Hungary
100%
I Iceland/ India/ Indonesia/ Iran/ Iraq/ Ireland/ Israel/ Italy
100%
I Iceland/ India/ Indonesia/ Iran/ Iraq/ Ireland/ Israel/ Italy
100%
I Iceland/ India/ Indonesia/ Iran/ Iraq/ Ireland/ Israel/ Italy
100%
I Iceland/ India/ Indonesia/ Iran/ Iraq/ Ireland/ Israel/ Italy
100%
I Iceland/ India/ Indonesia/ Iran/ Iraq/ Ireland/ Israel/ Italy
100%
N Namibia/ Nauru/ Nepal/ Netherlands/ New Zealand/ Nicaragua/ Niger/ Nigeria/ North Korea/ North Macedonia/ Norway
100%
N Namibia/ Nauru/ Nepal/ Netherlands/ New Zealand/ Nicaragua/ Niger/ Nigeria/ North Korea/ North Macedonia/ Norway
100%
N Namibia/ Nauru/ Nepal/ Netherlands/ New Zealand/ Nicaragua/ Niger/ Nigeria/ North Korea/ North Macedonia/ Norway
100%
N Namibia/ Nauru/ Nepal/ Netherlands/ New Zealand/ Nicaragua/ Niger/ Nigeria/ North Korea/ North Macedonia/ Norway
100%
N Namibia/ Nauru/ Nepal/ Netherlands/ New Zealand/ Nicaragua/ Niger/ Nigeria/ North Korea/ North Macedonia/ Norway
100%
N Namibia/ Nauru/ Nepal/ Netherlands/ New Zealand/ Nicaragua/ Niger/ Nigeria/ North Korea/ North Macedonia/ Norway
100%
N Namibia/ Nauru/ Nepal/ Netherlands/ New Zealand/ Nicaragua/ Niger/ Nigeria/ North Korea/ North Macedonia/ Norway
100%
U Uganda/ Ukraine/ United Arab Emirates/UAE/ United Kingdom/UK/ United States of America/ USA/Uruguay/ Uzbekistan
100%
D Denmark/ Djibouti/ Dominica/ Dominican Republic
98%
D Denmark/ Djibouti/ Dominica/ Dominican Republic
98%
D Denmark/ Djibouti/ Dominica/ Dominican Republic
98%
D Denmark/ Djibouti/ Dominica/ Dominican Republic
98%
E Ecuador/ Egypt/ El Salvador/ Equatorial Guinea/ Eritrea/ Estonia/ Eswatini/ Ethiopia/East Timor
98%
E Ecuador/ Egypt/ El Salvador/ Equatorial Guinea/ Eritrea/ Estonia/ Eswatini/ Ethiopia/East Timor
98%
E Ecuador/ Egypt/ El Salvador/ Equatorial Guinea/ Eritrea/ Estonia/ Eswatini/ Ethiopia/East Timor
98%
E Ecuador/ Egypt/ El Salvador/ Equatorial Guinea/ Eritrea/ Estonia/ Eswatini/ Ethiopia/East Timor
98%
E Ecuador/ Egypt/ El Salvador/ Equatorial Guinea/ Eritrea/ Estonia/ Eswatini/ Ethiopia/East Timor
98%
G Gabon /Gambia /Georgia /Germany /Ghana /Greece /Grenada /Guatemala /Guinea /Guinea-Bissau /Guyana
98%
G Gabon /Gambia /Georgia /Germany /Ghana /Greece /Grenada /Guatemala /Guinea /Guinea-Bissau /Guyana
98%
T Taiwan/ Tajikistan/ Tanzania/ Thailand/ Timor Leste/ Togo/ Tonga/ Trinidad/ Tunisia/ Turkey/ Turkmenistan/ Tuvalu
98%
T Taiwan/ Tajikistan/ Tanzania/ Thailand/ Timor Leste/ Togo/ Tonga/ Trinidad/ Tunisia/ Turkey/ Turkmenistan/ Tuvalu
98%
T Taiwan/ Tajikistan/ Tanzania/ Thailand/ Timor Leste/ Togo/ Tonga/ Trinidad/ Tunisia/ Turkey/ Turkmenistan/ Tuvalu
98%
T Taiwan/ Tajikistan/ Tanzania/ Thailand/ Timor Leste/ Togo/ Tonga/ Trinidad/ Tunisia/ Turkey/ Turkmenistan/ Tuvalu
98%
T Taiwan/ Tajikistan/ Tanzania/ Thailand/ Timor Leste/ Togo/ Tonga/ Trinidad/ Tunisia/ Turkey/ Turkmenistan/ Tuvalu
98%
A Afghanistan/ Albania/ Algeria/ Andorra/ Angola/ Antigua and Barbuda/ Argentina/ Armenia/ Australia/ Austria/ Azerbaijan
96%
A Afghanistan/ Albania/ Algeria/ Andorra/ Angola/ Antigua and Barbuda/ Argentina/ Armenia/ Australia/ Austria/ Azerbaijan
96%
A Afghanistan/ Albania/ Algeria/ Andorra/ Angola/ Antigua and Barbuda/ Argentina/ Armenia/ Australia/ Austria/ Azerbaijan
96%
A Afghanistan/ Albania/ Algeria/ Andorra/ Angola/ Antigua and Barbuda/ Argentina/ Armenia/ Australia/ Austria/ Azerbaijan
96%
B Bahamas /Bahrain /Bangladesh /Barbados /Belarus/ Belgium /Belize /Benin /Bhutan /Bolivia /Bosnia /Botswana /Brazil /Brunei /Bulgaria /Burkina Faso /Burundi
96%
F Fiji/ Finland/ France
96%
O Oman
96%
O Oman
96%
O Oman
96%
R Romania/ Russia/ Rwanda
96%
R Romania/ Russia/ Rwanda
96%
R Romania/ Russia/ Rwanda
96%
R Romania/ Russia/ Rwanda
96%
R Romania/ Russia/ Rwanda
96%
M Madagascar /Malawi /Malaysia /Maldives /Mali /Malta /Marshall Islands /Mauritania /Mauritius/ Mexico /Micronesia /Moldova /Monaco/ Mongolia /Montenegro /Morocco/ Mozambique/ Myanmar
93%
K Kazakhstan /Kenya /Kiribati /Kosovo /Kuwait /Kyrgyzstan
89%
L Laos/ Latvia /Lebanon/ Lesotho/ Liberia /Libya /Liechtenstein /Lithuania/ Luxembourg
89%
No matching quizzes found
Score Distribution
Percent of People with Each Score
Percentile by Number Answered
Your Score History
You have not taken this quiz